| 000 | 00645nam a2200169 4500 | ||
|---|---|---|---|
| 001 | 124232 | ||
| 003 | ES-MaACL | ||
| 005 | 20250823063104.0 | ||
| 007 | t| | ||
| 008 | 070214s1916 sp r ||||1| spa d | ||
| 100 | 1 |
_aRedonet y López-Dóriga, Luis, _d1875-1972 _995833 |
|
| 245 | 1 | 0 |
_aPolicía rural en España / _cpor el Excmo. Sr.D. Luis Redonet y López-Dóriga. _n, . I, _p[Coruña, Pontevedra, Lugo, Orense, Oviedo, León, Santander, Palencia, Burgos]. |
| 260 |
_aMadrid : _b[s. n.], _c1916 ( _fImp. de la Suc. de M. Minuesa de los Ríos) |
||
| 300 |
_a328 p. ; _c20 cm. |
||
| 852 |
_aES-MaACL _jF-1925 |
||
| 999 |
_c124232 _d124232 |
||